| 000 | 00952nas a2200301 4500 | ||
|---|---|---|---|
| 001 | BR9700135 | ||
| 003 | BR-BrBNA | ||
| 005 | 20231205095934.0 | ||
| 007 | ta | ||
| 008 | 230509b bl.|||p| |||| 00| 00por d | ||
| 040 |
_aBR-BrBNA _bpor _cBiblioteca Nacional de Agricultura |
||
| 041 | _a(Pt) | ||
| 072 | _aL74 | ||
| 100 | 1 | _aMarinho Junior, A. | |
| 100 | 1 | _aReis, L.C. | |
| 100 | 1 | _aVogel, L. | |
| 100 | 1 | _aCeroni, A. | |
| 100 | 1 | _aLorenzo, M.A. de | |
| 100 | 1 | _aRocha, F.F. da | |
| 100 | 1 | _aCosta, E.A. | |
| 245 | 1 | _aInfluencia da intoxicacao experimental aguda com inseticida organofosforado na resposta analgesica de camundongos | |
| 650 | _aCamundongo | ||
| 650 | _aInseticida Organo-Fosforado | ||
| 650 | _aIntoxicacao Animal | ||
| 773 | 0 |
_tRevista Brasileira de Medicina Veterinaria (Brazil) _xISSN 0100-2430 _g(Jul-Aug 1996), v. 18(4) p. 161-164 _wBR9700135 |
|
| 909 |
_a202311 _bLúcia _c55 _dLúcia Elande |
||
| 942 |
_2AGRIS _n0 _cANA |
||
| 999 |
_c153559 _d153559 |
||